Trendy ve factoringu
Možnosti využitia factoringu pri financovaní podnikov, zaistení rizík, v správe pohľadávok. Preferencie factoringu. Nové segmenty financovania. Zaistenie celkového financovania klienta. Faktoring ako služba využívaná prevažne malými a strednými podnikmi. Právna úprava faktoringu zákonom.
Salvato in:
| Autore principale: | |
|---|---|
| Natura: | Capitolo di libro |
| Lingua: | ceco |
| Soggetti: | |
| Tags: |
Nessun Tag, puoi essere il primo ad aggiungerne!!
|
MARC
| LEADER | 00000naa$a2200000$$$4500 | ||
|---|---|---|---|
| 001 | 0057234 | ||
| 005 | 20231010094311.2 | ||
| 041 | 0 | |a cze | |
| 044 | |a CZ | ||
| 245 | 1 | 0 | |a Trendy ve factoringu |c Roman Vontor |
| 520 | |a Možnosti využitia factoringu pri financovaní podnikov, zaistení rizík, v správe pohľadávok. Preferencie factoringu. Nové segmenty financovania. Zaistenie celkového financovania klienta. Faktoring ako služba využívaná prevažne malými a strednými podnikmi. Právna úprava faktoringu zákonom. | ||
| 610 | 2 | 0 | |a faktoring |
| 610 | 2 | 0 | |a legislatíva |
| 610 | 2 | 0 | |a financovanie podnikov |
| 610 | 2 | 0 | |a riziko |
| 610 | 2 | 0 | |a pohľadávky |
| 100 | 1 | |a Vontor, Roman | |